| 000 | 00000nam##2200000za#4500 |
| 001 | 9.649526 |
| 003 | CaOODSP |
| 005 | 20220125145841 |
| 007 | ta |
| 008 | 150407|2005||||xxc||||| f|0| 0 eng|d |
| 020 | |a0-662-39036-9 |
| 040 | |aCaOODSP|beng |
| 043 | |an-cn--- |
| 086 | 1 |aD2-163/2005E |
| 110 | 1 |aCanada. |bDepartment of National Defence. |
| 245 | 10|aWelcome to Goose Bay - the freedom to fly : |binternational military training opportunities |
| 260 | |aOttawa - Ontario : |bNational Defence |c2005. |
| 300 | |a[8]p. (1 folded sheet). : |billus. (some coloured) ; |c22 cm. |
| 563 | |aPamphlet |
| 590 | |a05-08|b2005-02-25 |
| 690 | 07|aMilitary training|2gcpds |
| 690 | 07|aTraining centres|2gcpds |
| 775 | 08|tBienvenue à Goose Bay - liberté de vol : |w(CaOODSP)9.682714 |